000 00637nam a2200217 i 4500
001 44183
003 ES-MaACL
005 20251017063045.0
007 t|
008 030320s1967 sp ||||1| spa d
080 _a821.134.2-14"19"
100 1 _aCirlot, Juan-Eduardo,
_d1916-1973
_938898
245 1 0 _aMarco Antonio /
_cJuan-Eduardo Cirlot.
260 _aBilbao :
_bComunicación Literaria de Autores,
_c1967.
300 _a41 p. ;
_c21 cm.
490 1 _aColección de Poesia ;
_v4
830 0 _aColección Poesía ;
_v4
_9178068
852 _aES-MaACL
_j2058-F-27
_bR.63992
942 _2udc
999 _c44183
_d44183